000 00211nam a22000857a 4500
008 161209b xxu||||| |||| 00| 0 eng d
100 _91965
_aSingh.L.etal.
245 _aPhysics-IX
260 _aNew Delhi
_bS. Chand
_c2011
999 _c4759
_d4759